00974cam a2200277 a 450000100040000000500170000400800410002102000150006204000300007705000230010708200140013010000220014424500460016625000120021226000410022430000240026550000450028950500060033452002320034052100180057252100180059065000230060865000220063165000300065365000130068352020230516105736.0021218s2003 nyu c 000 1 eng  a0439435366 aDLCcDLCdDLCdFISKHbeng00aPZ7.C6837bGr 200300a813.62211 aCollins, Suzanne.10aGregor the Overlander /cSuzanne Collins. a1st ed. aNew York :bScholastic Press,c2003. a311 pages ;c22 cm. aSequel: Gregor and the prophecy of Bane. aM aWhen eleven-year-old Gregor and his two-year-old sister are pulled into a strange underground world, they trigger an epic battle involving men, bats, rats, cockroaches, and spiders while on a quest foretold by ancient prophecy. a690 bLexile aM bRaz-Plus 1aSiblingsvFiction. 1aAnimalsvFiction. 1aMissing personsvFiction. 1aFantasy.